An international economy. Problem and prospects
Na minha lista:
| Autor principal: | |
|---|---|
| Formato: | Livro |
| Idioma: | inglês |
| Publicado em: |
Londres
Routledge & Kegan Paul
1956
|
| Assuntos: | |
| Tags: |
Adicionar Tag
Sem tags, seja o primeiro a adicionar uma tag!
|
MARC
| LEADER | 00000nam a2200000 a 4500 | ||
|---|---|---|---|
| 001 | UCR7730 | ||
| 003 | CL-VaPUC | ||
| 008 | 980519e19560000UK |||||||||||||||||eng|d | ||
| 082 | 0 | 4 | |a 337 |b MYR |2 21 |
| 100 | |a Myrdal, Gunnar |e author |9 412874 | ||
| 245 | 1 | 3 | |a An international economy. Problem and prospects |
| 300 | |a 381 p | ||
| 942 | |c BK | ||
| 945 | |d 19980519 00:00:00 |a crobeson | ||
| 260 | |a Londres |b Routledge & Kegan Paul |c 1956 | ||
| 650 | 0 | |a Economía internacional |9 258254 | |
| 650 | 0 | |a Desarrollo económico y social |9 256320 | |
| 650 | 0 | |a Cooperación internacional |9 255447 | |
| 650 | 0 | |a Integración económica |9 255024 | |
| 650 | 0 | |a Acuerdos económicos |9 348030 | |
| 583 | |a last modification |c 19980519 00:00:00 |k Rodrigo Vera | ||
| 999 | |c 269316 |d 269314 | ||